|
|
|
|
| LEADER |
01028nam a2200277 a 4500 |
| 001 |
12408406 |
| 008 |
091226s2002 enka b 001 0 eng d |
| 010 |
|
|
|a 2001034793
|
| 020 |
|
|
|a 0415223024 (hbk)
|
| 020 |
|
|
|a 0415223032 (pbk.)
|
| 040 |
|
|
|a DLC
|c DLC
|d DLC
|
| 082 |
0 |
0 |
|a 306
|2 21
|
| 999 |
|
|
|c 6410
|d 6410
|
| 999 |
|
|
|c 6410
|
| 100 |
1 |
|
|a Highmore, Ben,
|d 1961-
|9 509
|
| 245 |
0 |
0 |
|a Everyday life and cultural theory :
|b an introduction /
|c Ben Highmore.
|
| 260 |
|
|
|a London ;
|a New York :
|b Routledge,
|c 2002.
|
| 300 |
|
|
|a viii, 200 p. :
|b ill. ;
|c 24 cm.
|
| 504 |
|
|
|a Includes bibliographical references (p. 179-193) and index.
|
| 541 |
1 |
|
|e 00013602
|
| 650 |
|
0 |
|a Life.
|9 510
|
| 650 |
|
0 |
|a Civilization, Modern
|y 20th century.
|9 511
|
| 650 |
|
0 |
|a Culture
|x Philosophy
|x History
|y 20th century.
|9 512
|
| 852 |
4 |
|
|a Ayesha Abed Library
|j General shelf
|
| 942 |
|
|
|2 ddc
|c AV
|
| 952 |
|
|
|0 0
|1 0
|2 ddc
|4 0
|6 306_000000000000000_HIG
|7 0
|9 6474
|a BRACUL
|b BRACUL
|c GEN
|d 2009-12-26
|g 2067.00
|l 4
|m 2
|o 306 HIG
|p 3010013602
|r 2024-02-05
|s 2024-01-23
|w 2009-12-26
|y BK
|